Normale Ansicht MARC-Ansicht ISBD

Wojewodztwo lubuskie = (Titelsatznr. 80274)

[ MARC ]
MARC-Details
000 -Satzkennung
Kontrollfeld mit fester Länge 00458nam a22001577a 4500
008 - Feld mit fester Länge zur physischen Beschreibung - Allgemeine Angaben
Kontrollfeld mit fester Länge 201203b ||||| |||| 00| 0 eng d
040 ## - Katalogisierungsquelle
Bearbeitungsstelle STAFF
041 ## - Sprachcode
Sprachcode des Textes/der Tonspur oder des separaten Titels pol
041 ## - Sprachcode
Sprachcode des Textes/der Tonspur oder des separaten Titels engl
041 ## - Sprachcode
Sprachcode des Textes/der Tonspur oder des separaten Titels ger
245 ## - Titel
Titel Wojewodztwo lubuskie =
Zusatz zum Titel The voivodeship of Lubuskie. Lubuskie Wojewodschaft /
Verfasserangabe etc. Jaroslaw Skrzypczak ; Piotr Wisniewski
260 ## - Publikation, Vertrieb usw. (Erscheinungsvermerk)
Erscheinungsort, Vertriebsort etc. Bydgosz Pl.:
Name des Verlags, des Vertriebs etc. [Abedik],
Date of publication, distribution, etc 2009
300 ## - Physische Beschreibung
Umfang 119 S.
Andere physische Details überw. Ill.
500 ## - Allgemeine Fußnote
Allgemeine Fußnote Fotobildband
942 ## - Zusätzliche Felder (Koha)
Klassifikation oder Aufstellungssystematik Andere/Generische Klassifikation
Koha-Medientyp Bücher
Exemplare
Ausgeschieden Verloren Klassifikation oder Aufstellungssystematik Beschädigt Nicht entleihbar Permanenter Standort Aktueller Standort Aufstellungsort Erwerbungsdatum Kodierter Standort-Qualifier Anzahl Ausleihen Signatur Letzte Aktivität Exemplarnummer Preis gültig von Medientyp
    Andere/Generische Klassifikation     Stadtarchiv Frankfurt (Oder) | Archivbibliothek Stadtarchiv Frankfurt (Oder) | Archivbibliothek Magazin 03/12/2020 M   IV: 1531 03/12/2020 177/2020 03/12/2020 Bücher